00510nam a2200169Ia 4500008004100000041001200041082002000053100001800073245006400091365000900155520001200164546001200176630006400188650001200252655001200264730006400276101110s9999 xx 000 0 und d aENGLISH bSR10042a954.03 aAggarwal R.C. aConstitutional History of India & National Movement 3rd ed. b22.5 aHistory aENGLISH aConstitutional History of India & National Movement 3rd ed. aHistory aHistory aConstitutional History of India & National Movement 3rd ed.